| 000 | 00927cab a2200277 4500 | ||
|---|---|---|---|
| 001 | ABS54569 | ||
| 008 | 090401t1996 xxu||||| |||| 00| 0 eng d | ||
| 035 | _a(Sirsi) u11140 | ||
| 041 | _aeng | ||
| 100 | _aBarclay, M. | ||
| 245 | _a`Keep open` covenants - what happens next? | ||
| 260 | _c1996 | ||
| 350 | _a0 | ||
| 490 |
_aEstates Gazette _v(9606) 10 February 1996, 136-137(2) |
||
| 520 | _aConsiders the decision in "Co-operative Insurance Society Ltd v Argyll Stores (Holdings) Ltd" and the implications for `keep open` covenants, rent reviews and lease renewals. | ||
| 650 | _aCO-OPERATIVE INSURANCE SOCIETY LTD V ARGYLL STORES (HOLDINGS) LTD | ||
| 650 | _aKEEP OPEN COVENANTS | ||
| 650 | _aLEASE RENEWAL | ||
| 650 | _aLEASES | ||
| 650 | _aRENT REVIEWS | ||
| 650 | _aSPECIFIC PERFORMANCE | ||
| 690 | _aLANDLORD AND TENANT-BUSINESS TENANCIES | ||
| 700 | _aMarco, P. | ||
| 942 | _n0 | ||
| 948 | _c04/03/1997 | ||
| 999 |
_c7094 _d7094 |
||